O valor social da educacao e do trabalho em camadas populares urbanas : 2. Educacao - trabalho : um diagnóstico estatistico da popula cao infanto-juvenil 1980-1989.

Guardado en:
Detalles Bibliográficos
Autor principal: Prada, Abner (autor)
Formato: Libro
Idioma:Español
Temas:
Etiquetas: Agrega una etiqueta
Sin etiquetas, Sé el primero en etiquetar este registro!

MARC

LEADER 00000cam^a2200000uu^4500
001 000469168
005 20250521000000.0
008 050901s1990^^^^^^^^^^^^r^^^^^000^0^^^^^d
009 20260310124529.656
035 |a FCE 000011923 
037 |a Acervo ITESO - Biblioteca 
041 |a spa 
082 0 4 |a 331.370  |b PUCo 
100 |a Prada, Abner  |e (autor) 
245 1 2 |a O valor social da educacao e do trabalho em camadas populares urbanas :  |b 2. Educacao - trabalho : um diagnóstico estatistico da popula cao infanto-juvenil 1980-1989. 
264 |a Río de Janeiro :  |b PUC,  |c 1990. 
300 |a 2 v. 
336 |a texto  |b txt  |2 rdacontenido 
337 |a sin mediación  |b n  |2 rdamedio 
338 |a volumen  |b nc  |2 rdasoporte 
649 |a XX 
650 |a Relación educación-trabajo 
650 |a Empleo 
650 |a Sociología de la educación 
650 |a Antropología de la educación 
650 |a Niño 
650 |a Trabajo de menores 
650 |a Brasil 
910 |a Fondo Centro de Estudios Educativos 
920 |a Impresos - Libros 
930 |a Fondos Especiales 
905 |a 133 
901 |a ALE009001  |b IT2  |c CEE  |u 20250521 
901 |a ALE046555  |b IT2  |c CEE  |u 20250521 
902 |a https://opac.biblio.iteso.mx/vufind/Record/000469168